000 00927nas a2200289 4500
001 BR0401893
003 BR-BrBNA
005 20231205104438.0
007 ta
008 230509b bl.|||p| |||| 00| 00por d
040 _aBR-BrBNA
_bpor
_cBiblioteca Nacional de Agricultura
041 _a(Pt)
072 _aQ04
100 1 _aHeinemann, R,J.B.
100 1 _aPinto, M.F.
245 1 _aEfeito da injeção de diferentes concentrações de cloreto de cálcio na textura e aceitabilidade de carne bovina maturada
650 _aCARNE
650 _aCLORETO DE CÁLCIO
650 _aTEXTURA
650 _aPROPRIEDADE FÍSICO-QUÍMICA
650 _aENZIMA
650 _aPROTEÓLISE
650 _aANÁLISE ORGANOLÉPTICA
773 0 _tCiência e Tecnologia de Alimentos (Brazil)
_xISSN 0101-2061
_g(Dec 2003), v. 23 (Suplemento) p. 146-150
_wBR0401893
909 _a202311
_bLúcia
_c55
_dLúcia Elande
942 _2AGRIS
_n0
_cANA
999 _c178180
_d178180